Didactiques, technologies et formation des enseignants
Tallennettuna:
| Päätekijät: | , , |
|---|---|
| Aineistotyyppi: | Kirja |
| Kieli: | ranska |
| Julkaistu: |
Grenoble
Université Stendhal
1997
|
| Aiheet: | |
| Tagit: |
Lisää tagi
Ei tageja, Lisää ensimmäinen tagi!
|
MARC
| LEADER | 00000nam a2200000 a 4500 | ||
|---|---|---|---|
| 001 | UCO3863 | ||
| 003 | CL-VaPUC | ||
| 005 | 20201029001544.0 | ||
| 008 | 000728e19970000fr 1 fre d | ||
| 082 | 0 | 4 | |a 372.7 |b BRI |2 21 |
| 100 | 1 | |a Brissaud, Daniel |e author |9 619758 | |
| 700 | 1 | |a Comiti, Claude |e author |9 619759 | |
| 700 | 1 | |a Dabène, Louise |e author |9 619760 | |
| 245 | 1 | 0 | |a Didactiques, technologies et formation des enseignants |
| 260 | |a Grenoble |b Université Stendhal |c 1997 | ||
| 300 | |a v | ||
| 583 | |a last modification |c 20171220 05:37:41 |k Rodrigo Vera | ||
| 650 | 0 | 0 | |a Métodos de enseñanza |9 270413 |
| 942 | |c BK | ||
| 945 | |a vberengu |d 20000728 00:00:00 | ||
| 546 | |a En Francés | ||
| 536 | |a Université Stendhal | ||
| 518 | |p Journées d'études. Grenoble. 26 et 27 avril 1996 | ||
| 999 | |c 383571 |d 383569 | ||
| 952 | |0 0 |1 0 |4 0 |6 372_700000000000000_BRI_1997 |7 0 |8 A |9 505727 |a BIBMAT |b BIBMAT |c E_DIDACT |d 2020-01-23 |h v.1 |i 3591603 |o 372.7 BRI 1997 |p 3591603 |r 2025-01-07 |w 2020-01-23 |y BK |k MAT | ||
| 952 | |0 0 |1 0 |4 0 |6 372_700000000000000_BRI_1997 |7 0 |8 A |9 505728 |a BIBMAT |b BIBMAT |c E_DIDACT |d 2020-01-23 |h v.2 |i 359159K |o 372.7 BRI 1997 |p 359159K |r 2025-01-07 |w 2020-01-23 |y BK |k MAT | ||